มุมมองปกติ
มุมมองแบบ MARC
- เยาวรัตน์ ศรีวรานันท์
รายการ Personal Name
001 - CONTROL NUMBER
- control field: 58108
003 - CONTROL NUMBER IDENTIFIER
- control field: NALT
005 - DATE AND TIME OF LATEST TRANSACTION
- control field: 20220526111606.0
008 - FIXED-LENGTH DATA ELEMENTS
- fixed length control field: 220526|| aca||aabn | a|a d
040 ## - CATALOGING SOURCE
- Original cataloging agency: NALT
100 0# - HEADING--PERSONAL NAME
- Personal name: เยาวรัตน์ ศรีวรานันท์
